Historia del nombre de Colombia

Dettagli Bibliografici
Ente Autore: Instituto Caro y Cuervo
Altri autori: Cock Hincapié, Olga
Natura: Multimedia
Lingua:Spanish
Serie:Biblioteca de Publicaciones del Instituto Caro y Cuervo
Soggetti:

MARC

LEADER 00000csc a2200000 a 4500
001 68844
003 Ucuenca
005 20230308211042.0
008 001011|1998 ck |||||r|||||||||||spa||
040 |b spa 
041 1 |a spa 
082 0 |a C804 
110 1 |a Instituto Caro y Cuervo  |9 177491 
245 |a Historia del nombre de Colombia  |c Olga Cock Hincapié  |h imp 
264 |a Bogotá  |b Instituto Caro y Cuervo  |c 1998 
300 |a 352 páginas:  |c 23 cm 
490 |a Biblioteca de Publicaciones del Instituto Caro y Cuervo 
650 0 |a Colombia  |9 1341 
650 0 |a Colon  |9 86141 
650 0 |a Gran colombia  |9 7208 
700 1 |a Cock Hincapié, Olga  |9 195223 
852 |a UC-CDJBV  |f Donación  |l 1  |m General  |p 20010116  |q 20000  |r 8  |t 68844  |b 0  |d CDRC  |e CDRC  |g C804 TERCER PISO  |z 2001-10-11 
942 |c CR 
999 |c 117494  |d 117494